000 00490nam a2200181Ia 4500
008 230711s9999||||xx |||||||||||||| ||und||
020 _a978-93-83419-36-4
041 _aENG
082 _a726.78
_bSA-B
100 _aSarkar, Shamika
245 0 _aBeyond the great Vakkeys :Ladakh
_bUnderstanding the Monastic Architecure
250 _a1st Ed.
260 _c2017
_aGhaziabad
_bCopal Publishing Group
300 _a102p.
650 _aArchitecture
700 _aShukla, Dipti
942 _cBK
999 _c7016
_d7016